Responses for Show #5391 - Monday, February 4, 2008

Contestants

[<< previous game]

Lauren Gilbert, a librarian from Huntington, New York

Delano Lopez, a theatrical technical director from Appleton, Wisconsin

Jennah Durant, a public affairs specialist from Dallas, Texas (whose 1-day cash winnings total $18,800)

[next game >>]

Jeopardy! Round responses

ARCHITECTURE
THE SPORTING LIFE
TOURING EUROPEAN CAPITALS
HOW IT'S DONE
CROSSWORD CLUES "N"
UNICEF
(Alex: And each clue in that category will be delivered by a very special guest, Her Majesty Queen Rania Al Abdullah of Jordan.)
    $200 14
the skyscraper

Jennah
    $200 6
ice hockey

Jennah
    $200 1
Dublin

Jennah
    $200 10
parallel parking

Jennah
    $200 17
nog

Jennah
    $200 22
Iraq

Delano
    $400 15
the World Trade Center

Jennah
    $400 7
the Cotton Bowl

Jennah
    $400 2
Lisbon

Jennah
    $400 11
to lay an egg

Delano
    $400 18
the numerator

Jennah
    $400 27
malaria

Jennah
    $600 23
cement (or concrete)

Delano
    $600 8
Jonathan Papelbon

Triple Stumper
    $600 3
Warsaw

Delano
    $600 12
to make the sign of the Cross

Delano
    $600 19
nirvana

Jennah
    $600 28
Beijing

Jennah
    $800 24
(Alex: Yes, so that they could not duplicate that work anywhere else.)

Ivan the Terrible

Lauren
    $800 9
(Alex: Very popular with the ladies, [*].)

Wilt Chamberlain

Triple Stumper
    $800 4
Prague

Jennah
    $800 13
(Delano: What is to calculate your energy usage?)
(Alex: Be more specific)
(Delano: Your electricity usage.)
[The judges' ruling on Delano's response was reversed during the interview segment.]

to read your electric meter

DelanoLauren
    $800 20
the nadir

Jennah
    $800 30
Morocco

Jennah
    $1000 25
a parapet

Delano
    $1000 16
Mike Tyson

Jennah
    $1,400 5
Stockholm

Jennah
    $1000 26
composting

Delano
    $1000 21
Nice

Jennah
    $1000 29
(Jennah: What is Afghanistan?)

Pakistan

JennahDelano

Scores at the first commercial break (after clue 15):

Jennah Delano Lauren
$4,200 $2,400 $800

Scores at the end of the Jeopardy! Round:

Jennah Delano Lauren
$9,000 $6,200 $1,600

Double Jeopardy! Round responses

MODERN CHINESE HISTORY
FILL IN THE BOOK TITLE
COLLEGES & UNIVERSITIES
YOU GET A "D"
AUSSIES
JUST DESSERTS
    $400 26
Mao

Jennah
    $400 1
On The Road

Jennah
    $400 13
Harvard

Jennah
    $400 6
a tropical depression

Jennah
    $400 11
Olivia Newton-John

Jennah
    $400 21
a coconut

Delano
    $800 27
the Yangtze

Jennah
    $800 2
A Room With A View

Jennah
    $800 17
Princeton

Jennah
    $800 7
drowsiness

Lauren
    $800 12
(coloratura) soprano

Lauren
    $800 22
vanilla (or butterscotch)

Delano
    $1200 28
(Delano: What is "sing-how"?)

Tsingtao

Delano
Triple Stumper
    $1200 3
The House Of The Seven Gables

Delano
    $1200 18
Omaha

Jennah
    $1200 8
diacritical

Delano
    $1200 14
Wimbledon

Triple Stumper
    $1200 23
a Milano

Delano
    $500 29
Chiang Kai-shek

Jennah
    $1600 4
Their Eyes Were Watching God

Delano
    $1600 19
Pennsylvania

Jennah
    $1600 9
a Douglas

Jennah
    $1600 15
Muriel's Wedding

Jennah
    $1600 24
petits fours

Lauren
    $2000 30
(Jennah: What is Taipei?)

Matsu

Jennah
Triple Stumper
    $2000 5
A Separate Peace

Lauren
    $2000 20
Bowling Green

Triple Stumper
    $2000 10
(Delano: [With an English pronunciation] Who is David?)
(Lauren: [With a French pronunciation] Who is David?)
...
(Alex: Who is [*]? Both of you gave the same response.)

Eugene Delacroix

DelanoLauren
Triple Stumper
    $2000 16
INXS

Jennah
    $4,000 25
baklava

Lauren

Scores at the end of the Double Jeopardy! Round:

Jennah Delano Lauren
$19,900 $9,400 $8,800
(lock game)

[wagering suggestions for these scores]

Final Jeopardy! Round responses

BRITISH ACTORS
(Alex: Professor Henry Higgins in My Fair Lady and as King Henry VIII in Anne of the Thousand Days.)
LaurenWho is Rex Harrison?
$0
DelanoWho is Patrick Stewart Ian McKellan
$8,801
JennahWho is Rex Harrison?
$0
Rex Harrison

Final scores:

Jennah Delano Lauren
$19,900 $599 $8,800
2-day champion: $38,700 3rd place: $1,000 2nd place: $2,000

Game dynamics:

Coryat scores:

Jennah Delano Lauren
$20,600 $9,400 $6,800
32 R
(including 2 DDs),
2 W
15 R,
2 W
7 R
(including 1 DD),
1 W

Combined Coryat: $36,800

[game clues] [game scores] [suggest correction]

Game tape date: 2007-10-30
The J! Archive is created by fans, for fans. Scraping, republication, monetization, and malicious use prohibited; this site may use cookies and collect identifying information. See terms. The Jeopardy! game show and all elements thereof, including but not limited to copyright and trademark thereto, are the property of Jeopardy Productions, Inc. and are protected under law. This website is not affiliated with, sponsored by, or operated by Jeopardy Productions, Inc. Join the discussion at JBoard.tv.